| 000 | 00739nam a22002537a 4500 | ||
|---|---|---|---|
| 003 | URS | ||
| 005 | 20250828100519.0 | ||
| 008 | 250320b ||||| |||| 00| 0 eng d | ||
| 020 | _a978-1-84860-210-6 | ||
| 040 | _cURS | ||
| 050 |
_aLB2805 _b.P919 2010 |
||
| 100 |
_911448 _aBush, Tony |
||
| 245 | _aThe Principles of Educational Leadership and Management | ||
| 264 |
_aLondon _bSAGE Publications _c©2010 |
||
| 300 |
_a300 pages.,: _c24 cm. |
||
| 336 |
_2rdacontent _atext |
||
| 337 |
_2rdamedia _aunmediated |
||
| 338 |
_2rdacarrier _avolume |
||
| 650 | 0 |
_91383 _aSchool management and organization |
|
| 650 | 0 |
_91375 _aEducational leadership |
|
| 700 |
_911455 _aBell, Les |
||
| 700 |
_911456 _aMiddlewood, David |
||
| 942 |
_2lcc _cR |
||
| 999 |
_c85147 _d85145 |
||